Регионална библиотека "Любен Каравелов" - Русе

Автобиографични разкази (Запис номер 78346)

MARC детайли
000 -Лидер
Контролно поле с фиксирана дължина 01377nam a2200325 c 4500
003 - Код на организацията, давaща контролен номер
Контролно поле BLK
005 - Дата и час на последна редакция
Контролно поле 20250124161740.0
008 - Елементи от данни с фиксирана дължина
fixed length control field 180408b bul|||||r ||||||| ||bul||
010 ## - Наследен системен номер
LC control number KNG00082812000
020 ## - Международен стандартен номер на книга ISBN
Международен стандартен номер на книга ISBN 978-954-739-988-4
-- издат.: Захарий Стоянов
040 ## - Източник на каталожния запис
Идентификатор на билиотеката - собственик на записа BLK
041 ## - Код за език
Код за езика на текст/звукозапис или на отделно заглавие Български
Код за езика КДБФ Български
080 ## - УДК
Текстов определител УДК Българска литература
УДК код - определител по УДК 821.163.2
УДК определител -94
УДК - код + определител 821.163.2-94
080 ## - УДК
Текстов определител УДК Оперета. Муз. комедия. Водевил
УДК код - определител по УДК 782.8
УДК определител (497.2)(091)(0:82-9)
УДК - код + определител 782.8(497.2)(091)(0:82-9)
100 1# - Редна дума - Автор
Автор Баталова, Росица Георгиева
Дати, свързани с автора 1930-2015
Автор - информация (биография) Диригент.
Авторска отговорност първи автор
R(LIN) 36998
139 ## - Редно поле
Редна дума Баталова, Росица Георгиева
Авторски знак Бат - Б 28
245 10 - Сведения за заглавието
Заглавие Автобиографични разкази
Редно поле (дума) Росица Георгиева Баталова.
257 ## - Страна на издаване
Страна на създаване/издаване България
260 ## - Област на издателските данни
-- София
Име на издателя, разпространителя и проч. Захарий Стоянов
Година на издаване 2007
Печатница София : Унив. изд. Св. Климент Охридски
300 ## - Физическа характеристика
Страници 432 с.
Размери/Мащаб 20 см
380 ## - Жанр
Жанр Худож. лит.
500 ## - Общи забележки
Забележка 1. изд. 1995 на изд. Хр. Ботев.
653 ## - Ключова дума – ненормативна
Ключова дума спомени
852 ## - Местоположение
Форматна сигнатура Цб 239346
856 4# - Електронен адрес и достъп
Електронен формат pdf - файл
Път до файла /url/
856 4# - Електронен адрес и достъп
Електронен формат pdf - файл
Път до файла /url/
942 ## - АРТИКУЛИ
Вид на библиотечния материал Книги
Скрит в OPAC Не
Koha issues (borrowed), all copies 6
944 ## - СЪЗДАВАНЕ И РЕДАКЦИЯ на ЗАПИСА
Създаване/Редакция Създаване
Дата на регистрацията/редакция 02.04.2008
Статус, дата на статуса Геновева Генчева
Служител, извършил регистрацията/редакцията 30560
944 ## - СЪЗДАВАНЕ И РЕДАКЦИЯ на ЗАПИСА
Създаване/Редакция Редакция
Дата на регистрацията/редакция 20.10.2016
Статус, дата на статуса ф /
Служител, извършил регистрацията/редакцията Людмила_Стоянова
999 ## - СИСТЕМНИ КОНТРОЛНИ НОМЕРА
Koha biblionumber 78346
Koha biblioitemnumber 78346
Наличности
Код за отписване Код за изгубен артикул Код за повреда Коз за рестрикции Код за отдаване Артикулен № Име на библиотеката - собственик Име на библиотеката, в която се намира в момента Статус (Текущо местоположение) Дата на вписване в системата Местоположение - отдел Цена в лева Инвентарен номер Систематично азбучна сигнатура Баркод Номер на екземпляра Цена в евро Служебна бележка Служебен тип на артикула Източник на класификационната схема
  Не е изгубен Не е повреден без рестрикции ползва се в читалня 126740 Регионална библиотека "Любен Каравелов" Русе Регионална библиотека "Любен Каравелов" Русе Хранилище 2008-04-03 Хранилище 9.00 120000725108 Цб 239346 120000725108 1 4.60 Дост: Dp Вид: Д N: 8 Дата: 23.01.2008 Книги  
  Не е изгубен Не е повреден без рестрикции заемане за дома 126741 Регионална библиотека "Любен Каравелов" Русе Регионална библиотека "Любен Каравелов" Русе Заемна - подръчен фонд 2016-06-30 Заемна - подръчен фонд 9.00 120000801861 П 886.7-9/Б 28 120000801861 2 4.60 Дост: DA Вид: А N: 25 Дата: 30.06.2016 Дата инв: 14.02.2018 Бележки инв: П2018 Книги Universal Decimal Classification
Vip Innovations Ltd, Rousse, Bulgaria 2025